| 000 | 01031nam a22002177a 4500 | ||
|---|---|---|---|
| 005 | 20240506101628.0 | ||
| 008 | 231204b ||||| |||| 00| 0 eng d | ||
| 040 | _cAL | ||
| 041 | _aKannada | ||
| 082 |
_223 _aK894.1 _bPOOA |
||
| 100 |
_aPoornima Suresh _9163193 |
||
| 100 |
_9144602 _dಪೂರ್ಣಿಮಾ ಸುರೇಶ್ |
||
| 245 |
_aAkkanantobbalu Anurakthe :Kavana Sankalana _b ಅಕ್ಕನಂತೊಬ್ಬಳು ಅನುರಕ್ತೆ :ಕವನ ಸಂಕಲನ |
||
| 260 |
_aMangalagangothri ಮಂಗಳಗಂಗೋತ್ರಿ _bPrasaranga Mangalore University ಪ್ರಸಾರಾಂಗ ಮಂಗಳೂರು ವಿಶ್ವವಿದ್ಯಾನಿಲಯ _c2017 |
||
| 300 |
_axvii,86 p. _bPB _c21x14 cm. |
||
| 365 |
_a063-065 _b₹50.00 _c₹ _d₹100.00 _e50% _f23-11-2023 |
||
| 440 |
_aPrasaranga srujanasheela malike ಪ್ರಸಾರಾಂಗ ಸೃಜನಶೀಲ ಮಾಲಿಕೆ _9144168 |
||
| 650 |
_aPoems ಕಾವ್ಯ _9144169 |
||
| 700 |
_aPOORNIMA SURESH _9144603 |
||
| 942 |
_2ddc _cBK |
||
| 999 |
_c229361 _d229361 |
||